Brooklyn 2-La compilation del ponte (Record no. 99884)
[ view plain ]
| 000 -LEADER | |
|---|---|
| fixed length control field | 01555njm a2200289Ia 4500 |
| 001 - CONTROL NUMBER | |
| control field | 27266 |
| 003 - CONTROL NUMBER IDENTIFIER | |
| control field | IT-RoPAU |
| 005 - DATE AND TIME OF LATEST TRANSACTION | |
| control field | 20220918181122.0 |
| 008 - FIXED-LENGTH DATA ELEMENTS--GENERAL INFORMATION | |
| fixed length control field | 131025s9999 xx 000 0 und d |
| 040 ## - CATALOGING SOURCE | |
| Original cataloging agency | IT-RoPAU |
| 040 ## - CATALOGING SOURCE | |
| Transcribing agency | IT-RoPAU |
| 041 ## - LANGUAGE CODE | |
| Language code of text/sound track or separate title | INGLESE |
| 999 ## - SYSTEM CONTROL NUMBERS (KOHA) | |
| Koha Dewey Subclass [OBSOLETE] | n.d. |
| 100 ## - MAIN ENTRY--PERSONAL NAME | |
| Personal name | AA.VV. |
| 9 (RLIN) | 794 |
| 100 ## - MAIN ENTRY--PERSONAL NAME | |
| Relator term | Autore musica |
| 9 (RLIN) | 17590 |
| 100 ## - MAIN ENTRY--PERSONAL NAME | |
| Miscellaneous information | Codice autore musica SPICS: 12000 |
| 9 (RLIN) | 796 |
| 245 ## - TITLE STATEMENT | |
| Title | Brooklyn 2-La compilation del ponte |
| 250 ## - EDITION STATEMENT | |
| Edition statement | 1a ed. |
| 260 ## - PUBLICATION, DISTRIBUTION, ETC. (IMPRINT) | |
| Place of publication, distribution, etc. | TORINO |
| 260 ## - PUBLICATION, DISTRIBUTION, ETC. (IMPRINT) | |
| Name of publisher, distributor, etc. | FONIT CETRA |
| Date of publication, distribution, etc. | 1986 [1a Ed.:1986] |
| 300 ## - PHYSICAL DESCRIPTION | |
| Extent | DISCO |
| 300 ## - PHYSICAL DESCRIPTION | |
| Dimensions | 49 minuti (Testo: pag.) |
| 500 ## - GENERAL NOTE | |
| General note | Colonna sonora. Spot televisivi. Musica in pubblicità. Brani di autori vari. |
| 505 ## - FORMATTED CONTENTS NOTE | |
| Formatted contents note | April Love [(Boone Pat) (3:00)] - Sixteen Candles [(Maestro Johnny) (3:00)] - I Can't Stop Loving You [(Yuro Timi) (5:00)] - The Great Pretender [(The Platters) (4:00)] - I [(Who Have Nothing) (King Ben E.) (3:00)] - I Believe [(Laine Frankie) (3:00)] - Town Without A Pity [(Pitney Gene) (3:00)] - Go Away Little Girl [(Lawrence Steve) (3:00)] - Diana [(Anka Paul) (3:00)] - Downtown [(Clark Petula) (4:00)] - Raindrops Keep Fallin' On My Head [(Thomas B.J.) (3:00)] - Don't Make Me Over [(Warwick Dionne) (3:00)] - Just Walking in the Rain [(Ray Jonny) (3:00)] - Goin' Out of My Head [(Anthony Little) (3:00)] - I Will Follow Him [(Posey Sandy) (3:00)] - Goodbye My Love [(The Searchers) (3:00)] - Love Letters in the Sand [(Boone Pat) (3:00)] |
| 650 ## - SUBJECT ADDED ENTRY--TOPICAL TERM | |
| Topical term or geographic name as entry element | COLONNA SONORA [DISCHI] |
| Relator term | Codice MATERIA SPICS: 9950 |
| 9 (RLIN) | 17591 |
| 942 ## - ADDED ENTRY ELEMENTS (KOHA) | |
| Koha item type | DISCHI |
| Source of classification or shelving scheme | Dewey Decimal Classification |
| Withdrawn status | Lost status | Damaged status | Not for loan | Home library | Current library | Date acquired | Total Checkouts | Full call number | Date last seen | Price effective from | Koha item type | Public note |
|---|---|---|---|---|---|---|---|---|---|---|---|---|
| Buone Condizioni | Not For Loan | SPICS-MEDIATECA | SPICS-MEDIATECA | 25/10/2013 | 27266 | 25/10/2013 | 25/10/2013 | DISCHI | Progr. Ins.: 6823 / N.Vol.: 1 / Copie: 1 - Copia rara: n.d. / date import: 01.01.2014 - By Epidotti, Trombetti, Vaglietti |